Sistemas booleanos : matemática 2

Bibliographic Details
Main Author: Kaye, Douglas
Format: Section = Libro
Language:Undetermined
Spanish
Published: España Alhambra 1970
Subjects:
LEADER 00546nam a2200205Ia 4500
008 240829s9999 xx 000 0 und d
040 |a BIBLIOTECA-RUSB/ 510 K23 
041 |a spa 
082 |a 510 K23 
100 1 |a Kaye, Douglas 
245 1 0 |a Sistemas booleanos : matemática 2 
260 |a España  |b Alhambra  |c 1970 
300 |a 223 p. :il. 
650 7 |a MATEMATICA 
650 7 |b  ALGEBRA DE CONJUNTOS ALGEBRA DE BOOLE 
650 7 |c  CIRCUITOS CON INTERRUPTORES 
650 7 |d  FUNCIONES BOOLEANAS 
942 |c BK  |2 ddc 
991 |a TEXTO 
999 |c 1257